Visualizzazione normale
Vista MARC
- Di Nicola P., Zanatta A.L., Ferrucci F., Romano M.C., Bramanti D., Boccacin L., Carrà E., Landuzzi M.G., Biondani C., Spieker M
di Personal Name
Records bibliografici associati: 1
001 - CONTROL NUMBER
- control field: 59678
003 - CONTROL NUMBER IDENTIFIER
- control field:
005 - DATE AND TIME OF LATEST TRANSACTION
- control field: 20230313134907.0
008 - FIXED-LENGTH DATA ELEMENTS
- fixed length control field: 230313|| aca||aabn | a|a d
040 ## - CATALOGING SOURCE
- Original cataloging agency:
- Transcribing agency:
100 ## - HEADING--PERSONAL NAME
- Personal name: Di Nicola P., Zanatta A.L., Ferrucci F., Romano M.C., Bramanti D., Boccacin L., Carrà E., Landuzzi M.G., Biondani C., Spieker M
670 ## - SOURCE DATA FOUND
- Source citation: Work cat.: ()236338: Di Nicola Paola (a cura di) 59677, Famiglia e politiche di welfare, 1998